000 00395nam a2200181Ia 4500
003 0100
008 130303s9999 xx 000 0 und d
040 _cARRUPELIB
050 _aPZ4.F263G5 1990
100 _aFaulks, Sebastian
245 4 _aThe girl at the Lion D'or
260 _aNew York
260 _bVintage
260 _C199O
300 _a249p.
300 _b 20cm.
942 0 0 _01
999 _c14448
_d14448